000 00459nam a22001817a 4500
999 _c2959
_d2959
003 URS
005 20220114142331.0
008 200212s1996 |||| |||| 00| 0 eng d
020 _a0060176075
040 _cURS
_beng
_drda
050 1 4 _aPS 3559
_b.L731 1996
100 1 _aIsaacs,Susan
245 1 0 _aLily white:a novel
_cSusan Isaacs
260 _aNew York:
_bHarper Collins;
_c[1996]
300 _a459 pages
_c25 cm
650 _aWoman layers
942 _2lcc
_cFR